Biblioteca y Centro de Documentación

Crisis y fractura social en Europa (Registro nro. 24757)

Detalles MARC
000 -CABECERA
Longitud fija campo de control 01701nam a2200505 c 4500
001 - NÚMERO DE CONTROL
Número de control 24757
003 - IDENTIFICADOR DE NÚMERO DE CONTROL
Identificador del número de control ES-MaCES
005 - FECHA Y HORA DE LA ÚLTIMA TRANSACCIÓN
Fecha y hora de la última transacción 20150929135516.0
008 - CAMPO FIJO DE DESCRIPCIÓN FIJA--INFORMACIÓN GENERAL
Códigos de información de longitud fija   121122s2012 sp d t 000 | spa d
017 ## - NÚMERO DE REGISTRO DE DERECHOS DE AUTOR Y DEPÓSITO LEGAL
Número de copyright o de depósito legal B 29034-2012
Agencia que asigna el número DL
020 ## - ISBN (INTERNATIONAL STANDARD BOOK NUMBER)
Número Internacional Normalizado para Libros (ISBN) 9788499000718
035 ## - NÚMERO DE CONTROL DEL SISTEMA
Número de control del sistema CES20120007557m
040 ## - FUENTE DE CATALOGACIÓN
Centro catalogador de origen ES-MaCES
Lengua de catalogación spa
Centro transcriptor ES-MaCES
245 00 - MENCIÓN DE TÍTULO
Título Crisis y fractura social en Europa
Resto del título : causas y efectos en España
Mención de responsabilidad, etc. Miguel Laparra y Begoña Pérez Eransus (coord.) ; [autores], Rubén Lasheras ... [et al.]
260 ## - PUBLICACIÓN, DISTRIBUCIÓN, ETC (PIE DE IMPRENTA)
Lugar de publicación, distribución, etc. [Barcelona]
Nombre del editor, distribuidor, etc. Obra Social "La Caixa"
Fecha de publicación, distribución, etc. [2012]
300 ## - DESCRIPCIÓN FÍSICA
Extensión 213 p.
Otras características físicas gráf. col.
Dimensiones 24 cm
490 1# - MENCIÓN DE SERIE
Mención de serie Colección Estudios sociales
Designación de volumen o secuencia 35
500 ## - NOTA GENERAL
Nota general Índices
504 ## - NOTA DE BIBLIOGRAFÍA, ETC.
Nota de bibliografía, etc. Bibliografía comentada: p. 193-209
541 ## - NOTA DE LA FUENTE INMEDIANTE DE ADQUISICIÓN
Forma de adquisición Gratuito
650 #4 - ASIENTO SECUNDARIO DE MATERIA--TÉRMINO DE MATERIA
Término de materia o nombre geográfico como elemento inicial crisis económica
9 (RLIN) 27102
650 #4 - ASIENTO SECUNDARIO DE MATERIA--TÉRMINO DE MATERIA
Término de materia o nombre geográfico como elemento inicial pérdida financiera
9 (RLIN) 28136
650 #4 - ASIENTO SECUNDARIO DE MATERIA--TÉRMINO DE MATERIA
Término de materia o nombre geográfico como elemento inicial evaluación del impacto
9 (RLIN) 30732
650 #4 - ASIENTO SECUNDARIO DE MATERIA--TÉRMINO DE MATERIA
Término de materia o nombre geográfico como elemento inicial desigualdad social
9 (RLIN) 30789
650 #4 - ASIENTO SECUNDARIO DE MATERIA--TÉRMINO DE MATERIA
Término de materia o nombre geográfico como elemento inicial desigualdad económica
9 (RLIN) 29371
650 #4 - ASIENTO SECUNDARIO DE MATERIA--TÉRMINO DE MATERIA
Término de materia o nombre geográfico como elemento inicial empleo precario
9 (RLIN) 30171
650 #4 - ASIENTO SECUNDARIO DE MATERIA--TÉRMINO DE MATERIA
Término de materia o nombre geográfico como elemento inicial desempleo
9 (RLIN) 28308
650 #4 - ASIENTO SECUNDARIO DE MATERIA--TÉRMINO DE MATERIA
Término de materia o nombre geográfico como elemento inicial pobreza
9 (RLIN) 27112
650 #4 - ASIENTO SECUNDARIO DE MATERIA--TÉRMINO DE MATERIA
Término de materia o nombre geográfico como elemento inicial exclusión social
9 (RLIN) 30629
650 #4 - ASIENTO SECUNDARIO DE MATERIA--TÉRMINO DE MATERIA
Término de materia o nombre geográfico como elemento inicial condiciones de vida
9 (RLIN) 27111
650 #4 - ASIENTO SECUNDARIO DE MATERIA--TÉRMINO DE MATERIA
Término de materia o nombre geográfico como elemento inicial hogar
9 (RLIN) 27911
650 #4 - ASIENTO SECUNDARIO DE MATERIA--TÉRMINO DE MATERIA
Término de materia o nombre geográfico como elemento inicial política social
9 (RLIN) 27029
650 #4 - ASIENTO SECUNDARIO DE MATERIA--TÉRMINO DE MATERIA
Término de materia o nombre geográfico como elemento inicial España
9 (RLIN) 26964
650 #4 - ASIENTO SECUNDARIO DE MATERIA--TÉRMINO DE MATERIA
Término de materia o nombre geográfico como elemento inicial estudio de casos
9 (RLIN) 28846
653 10 - TÉRMINO DE INDEXACIÓN--NO CONTROLADO
Término no controlado Asuntos Sociales
650 #4 - ASIENTO SECUNDARIO DE MATERIA--TÉRMINO DE MATERIA
9 (RLIN) 26752
Término de materia o nombre geográfico como elemento inicial UE
700 1# - ENCABEZAMIENTO SECUNDARIO--NOMBRE PERSONAL
Nombre de persona Lasheras, Rubén
9 (RLIN) 16251
700 1# - ENCABEZAMIENTO SECUNDARIO--NOMBRE PERSONAL
Nombre de persona Laparra, Miguel
Término indicativo de función col.
9 (RLIN) 16189
710 2# - ENCABEZAMIENTO SECUNDARIO--NOMBRE CORPORATIVO
Nombre de entidad o nombre de jurisdicción como elemento inicial Fundación "La Caixa"
Término indicativo de función ed.
9 (RLIN) 3734
700 1# - ENCABEZAMIENTO SECUNDARIO--NOMBRE PERSONAL
9 (RLIN) 20764
Nombre de persona Pérez Eransus, Begoña
Término indicativo de función col.
830 #0 - ENCABEZAMIENTO SECUNDARIO DE COLECCIÓN--TÍTULO UNIFORME
Título uniforme Colección Estudios sociales
Designación de volumen o secuencia 35
9 (RLIN) 33472
902 ## - CES. TIPO DE DOCUMENTO
Tipodoc (006$c Sirtex) LIB Libro
942 ## - ELEMENTOS KOHA
Fuente de clasificaión o esquema Clasificación propia del CES
Koha [por defecto] tipo de item Monografías
Parte de clasificación 3.3.
Existencias
Número de registro Signatura completa Tipo de item de Koha
082426 SG-3.3.-869 Monografías
© CES, Consejo Económico y Social de España 2021